| Tag |
First Indicator |
Second Indicator |
Subfields |
| LEADER |
00000cam a22000004a 4500 |
| 001 |
in00001704821 |
| 005 |
20151024145359.0 |
| 008 |
020227s2002 flua b 001 0 eng |
| 010 |
|
|
|a 2002019441
|
| 020 |
|
|
|a 1566705916 (alk. paper)
|
| 020 |
|
|
|z 1566765919
|
| 035 |
|
|
|a (OCoLC)ocm49326893
|
| 040 |
|
|
|a DLC
|c DLC
|d C#P
|d TXA
|d UtOrBLW
|
| 042 |
|
|
|a pcc
|
| 049 |
|
|
|a TXAM
|
| 050 |
0 |
0 |
|a TD193
|b .R53 2002
|
| 082 |
0 |
0 |
|a 628.5/028/7
|2 21
|
| 100 |
1 |
|
|a Rich, David William,
|d 1952-
|
| 245 |
1 |
0 |
|a Relational management and display of site environmental data /
|c David W. Rich.
|
| 264 |
|
1 |
|a Boca Raton, Fla. :
|b Lewis Publishers,
|c [2002]
|
| 264 |
|
4 |
|c ©2002
|
| 300 |
|
|
|a 429 pages :
|b illustrations ;
|c 27 cm.
|
| 336 |
|
|
|a text
|b txt
|2 rdacontent
|
| 337 |
|
|
|a unmediated
|b n
|2 rdamedia
|
| 338 |
|
|
|a volume
|b nc
|2 rdacarrier
|
| 504 |
|
|
|a Includes bibliographical references (pages [407]-417) and index.
|
| 650 |
|
0 |
|a Pollution
|x Measurement
|x Data processing.
|
| 650 |
|
0 |
|a Environmental monitoring
|x Data processing.
|
| 650 |
|
0 |
|a Database management.
|
| 948 |
|
|
|a cataloged
|b h
|c 2002/8/16
|d c
|e ceaton
|f 9:56:15 am
|
| 994 |
|
|
|a E0
|b TXA
|
| 999 |
|
|
|a MARS
|
| 999 |
f |
f |
|s 8639271b-72f7-3e55-8962-5d4706176f2f
|i e42468e6-bb9f-3608-8416-9fd5646fbbe7
|t 0
|
| 952 |
f |
f |
|p ric
|a Texas A&M University
|b Rellis Campus
|c Joint Library Facility
|d Remote Storage
|t 0
|e TD193 .R53 2002
|h Library of Congress classification
|i unmediated -- volume
|m A14829026305
|
| 998 |
f |
f |
|a TD193 .R53 2002
|t 0
|l Remote Storage
|